000 00981cam a22003012 4500
001 12321
003 BD-RjUL
005 20211208235255.0
008 140128t1959 enka b 001 0 eng
035 _a(BD-RjUL)12370
040 _aDLC
_cOUN
_dOCL
_dUKM
_dEQO
_dBD-RjUL
_beng
041 _aeng
082 0 0 _a592
_216
_bSAI 1959
100 1 _aSavory, Theodore Horace,
_d1896-
_936613
245 1 0 _aInstinctive living :
_ba study of invertebrate behaviour /
260 _aLondon ;
_aNew York :
_bPergamon Press,
_c1959.
300 _a90 p. :
_billus. ;
_c23 cm.
490 0 _aInternational series of monographs of pure and applied biology. Division: Zoology,
_vv. 3
504 _aIncludes bibliographical reference and index.
650 0 _aAnimal behavior.
_95684
650 0 _aAnimal intelligence.
_938266
650 0 _aInvertebrates.
_938267
650 2 _aBehavior, Animal
_938268
650 2 _aInstinct
_93691
942 _2ddc
_cBK
999 _c12321
_d12321